[Event "4NCL"]
[Site "Barcelo Hotel, Hinkley Island,"]
[Date "2011.01.15"]
[Round "3.86"]
[White "Borman, Philip J"]
[Black "Collier, David O"]
[Result "1/2-1/2"]
[WhiteElo "2216"]
[BlackElo "2108"]
[PlyCount "105"]
[EventDate "2011.??.??"]
[WhiteTeam "Poisoned Pawns 1"]
[BlackTeam "Bristol 1"]

1. d4 Nf6 2. Bf4 g6 3. e3 Bg7 4. Nf3 O-O 5. Be2 d6 6. h3 c5 7. c3 b6 8. O-O Ba6
9. Nbd2 d5 10. a4 e6 11. Ne5 Bxe2 12. Qxe2 Nfd7 13. Ndf3 Qc8 14. a5 Nc6 15.
Nxd7 Qxd7 16. axb6 axb6 17. Qb5 Ne5 18. Qxb6 Nxf3+ 19. gxf3 cxd4 20. cxd4 Rxa1
21. Rxa1 e5 22. dxe5 Qxh3 23. Bg3 h5 24. Qd4 Rb8 25. Rd1 Qf5 26. Kg2 g5 27. Qd3
Qxd3 28. Rxd3 Rxb2 29. Rxd5 Bh6 30. Rd8+ Kh7 31. Rd7 Kg6 32. Rd6+ Kh7 33. f4 h4
34. fxg5 Bf8 35. Rd8 hxg3 36. Rxf8 Kg7 37. Ra8 Rxf2+ 38. Kxg3 Rf5 39. Kg4 Rxe5
40. Kf4 Rb5 41. e4 Rb1 42. Ra5 Rg1 43. Rf5 Kg6 44. Rf6+ Kg7 45. Ra6 Rf1+ 46.
Ke5 Rg1 47. Kf5 Rf1+ 48. Ke5 Rg1 49. Kf4 Rf1+ 50. Ke3 Rg1 51. Ra5 Kg6 52. Kf4
Rf1+ 53. Ke3 1/2-1/2

[Event "4NCL"]
[Site "Barcelo Hotel, Hinkley Island,"]
[Date "2011.01.15"]
[Round "3.87"]
[White "Curtis, John E"]
[Black "Winfridsson, Ola"]
[Result "1/2-1/2"]
[WhiteElo "2123"]
[BlackElo "2140"]
[PlyCount "47"]
[EventDate "2011.??.??"]
[WhiteTeam "Bristol 1"]
[BlackTeam "Poisoned Pawns 1"]

1. d4 d5 2. Nf3 Nf6 3. e3 c5 4. c3 cxd4 5. exd4 Nc6 6. Bd3 Bg4 7. O-O e6 8. Bg5
Be7 9. Nbd2 O-O 10. Qc2 h6 11. Bxf6 Bxf6 12. h3 Bxf3 13. Nxf3 Rc8 14. Qe2 Qd6
15. Rfe1 a6 16. Ne5 Bxe5 17. dxe5 Qc5 18. Rad1 f6 19. exf6 Rxf6 20. Qe3 Qxe3
21. Rxe3 Rcf8 22. f4 d4 23. cxd4 Nxd4 24. Bh7+ 1/2-1/2